| 000 | 01098nam a22002535a 4500 | ||
|---|---|---|---|
| 003 | OSt | ||
| 005 | 20170309123610.0 | ||
| 008 | 170309s2013 xx frb 000 0 ara d | ||
| 015 | _a2013 / 5065 | ||
| 020 | _a9789776442009 | ||
| 040 |
_aEG-ScBUE _bara _cEG-ScBUE |
||
| 043 | _ama--- | ||
| 082 | 0 | 4 |
_222 _a343.49270772 _bهـ ن د |
| 100 | 1 | _aهندي، أحمد حلمي خليل. | |
| 245 | 1 | 0 |
_aعقود الامتياز البترولية وأسلوب حل منازعاتها / _cأحمد حلمي خليل هندي. |
| 260 |
_a[د. م. : _bد. ن.]، _c2013. |
||
| 300 |
_a767 ص. ؛ _c24 سم. |
||
| 504 | _aيشتمل على إرجاعات ببليوجرافية. | ||
| 505 | _aإبرام عقد البيع - الوعد بالبيع - البيع الابتدائي - اتفاق المبادئ - التبايع بطريق النيابة - البيوع الموصوفة - شرط العلم الكافي بالمبيع. | ||
| 650 | 7 |
_2BUEsh _aالبترول _xقوانين وتشريعات _zالبلاد العربية. |
|
| 651 | _2BUEsh | ||
| 653 |
_bLLAAWW _cMarch2017 |
||
| 942 | _2ddc | ||
| 999 |
_c24374 _d24346 |
||